000 00302nam a2200121 u 4500
001 000004039
005 20200929150657.0
008 090716s1952 mx r 000 0 spa d
040 _aDO-SdBNP
_bspa
_cBNPHU
245 1 0 _aEl peligro de la libertad intelectual.
260 _aMéxico,
_c1952.
049 _aBNPD
999 _c3858
_d3858